Visualizzazione normale
Vista MARC
- Galliano Annamaria
di Personal Name
Records bibliografici associati: 2
001 - CONTROL NUMBER
- control field: 33028
003 - CONTROL NUMBER IDENTIFIER
- control field: IT-RoPau
005 - DATE AND TIME OF LATEST TRANSACTION
- control field: 20140703112956.0
008 - FIXED-LENGTH DATA ELEMENTS
- fixed length control field: 140703|| aca||aabn | a|a d
040 ## - CATALOGING SOURCE
- Original cataloging agency: IT-RoPau
- Transcribing agency: IT-RoPau
100 ## - HEADING--PERSONAL NAME
- Personal name: Galliano Annamaria
- Relator term: Autore testo
- Miscellaneous information: Codice autore testo SPICS: 5671
670 ## - SOURCE DATA FOUND
- Source citation: Work cat.: (IT-RoPau)103017: Parisi Antonio 28903, Pentecoste: canti per la messa